[Event "EU-ch Schools U15"]
[Site "Rhodes"]
[Date "2022.04.28"]
[Round "6"]
[White "Whelan, Joseph"]
[Black "Andreev, Konstantin1111"]
[Result "0-1"]
[WhiteElo "1488"]
[BlackElo "2176"]
[PlyCount "114"]
[EventDate "2022.04.21"]
[EventType "swiss"]
[EventRounds "9"]
[EventCountry "GRE"]
[SourceTitle "CBM 208 Extra"]
[Source "ChessBase"]
[SourceDate "2022.07.31"]
[SourceVersion "1"]
[SourceVersionDate "2022.07.31"]
[SourceQuality "1"]

1. d4 Nf6 2. Bf4 d5 3. Nc3 a6 4. Nf3 e6 5. e3 c5 6. Ne5 b5 7. Ne2 Bb7 8. c3 Nc6 9. a4 Nxe5 10. Bxe5 Nd7 11. Bg3 c4 12. b4 Be7 13. Ng1 0-0 14. Be2 a5 15. Qb1 axb4 16. cxb4 bxa4 17. Bd1 a3 18. Bc2 h5 19. Ne2 Qb6 20. b5 Qa5+ 21. Kf1 a2 22. Bh7+ Kh8 23. Qc2 Qb4 24. Nc3 Nf6 25. Nxa2 Qa3 26. Ke2 Nxh7 27. Rhb1 Qd3+ 28. Qxd3 cxd3+ 29. Kxd3 Ra3+ 30. Nc3 Rfa8 31. Rxa3 Rxa3 32. Rb2 Nf6 33. Ra2 Rxa2 34. Nxa2 Ne4 35. f3 Nxg3 36. hxg3 Kg8 37. Nc3 Kf8 38. Na4 Ke8 39. Nc5 Bc8 40. Kc3 Kd8 41. Kb4 Kc7 42. Ka5 Bxc5 43. dxc5 e5 44. Kb4 Be6 45. Kc3 Bd7 46. Kb4 d4 47. exd4 exd4 48. c6 Be6 49. f4 Kb6 50. f5 Bd5 51. Ka3 Bxg2 52. Kb4 Bf1 53. Kb3 Bxb5 54. Kc2 Kxc6 55. Kd2 g5 56. f6 h4 57. gxh4 gxh4 0-1

[Event "EU-ch Schools U15"]
[Site "Rhodes"]
[Date "2022.04.23"]
[Round "3"]
[White "Whelan, Joseph"]
[Black "Tarhan, Adar"]
[Result "1/2-1/2"]
[WhiteElo "1488"]
[BlackElo "2314"]
[PlyCount "67"]
[EventDate "2022.04.21"]
[EventType "swiss"]
[EventRounds "9"]
[EventCountry "GRE"]
[SourceTitle "CBM 208 Extra"]
[Source "ChessBase"]
[SourceDate "2022.07.31"]
[SourceVersion "1"]
[SourceVersionDate "2022.07.31"]
[SourceQuality "1"]

1. d4 d5 2. c4 e6 3. Nc3 Nf6 4. Bg5 Be7 5. Nf3 b6 6. e3 h6 7. Bf4 0-0 8. Bd3 dxc4 9. Bxc4 Bb7 10. a3 Nh5 11. Be5 Nd7 12. Be2 Nhf6 13. Rc1 Nxe5 14. Nxe5 Bxg2 15. Rg1 Bb7 16. Nb5 c5 17. Bf3 Nd5 18. Bxd5 Bxd5 19. Qh5 Bg5 20. h4 Bxh4 21. Qxh6 Bf6 22. Nd7 Qxd7 23. Qxf6 g6 24. e4 Bxe4 25. Rg4 Bf3 26. Qxf3 Qxb5 27. Qf6 Qxb2 28. Rxc5 bxc5 29. Rxg6+ fxg6 30. Qxg6+ Kh8 31. Qh6+ Kg8 32. Qg6+ Kh8 33. Qh6+ Kg8 34. Qg6+ 1/2-1/2

[Event "EU-ch Schools U13"]
[Site "Tornelo INT"]
[Date "2021.12.03"]
[Round "1"]
[White "Whelan, Joseph"]
[Black "Nemsadze, Daviti"]
[Result "0-1"]
[WhiteElo "1407"]
[BlackElo "1788"]
[PlyCount "148"]
[EventDate "2021.12.03"]
[EventType "swiss (rapid)"]
[EventRounds "7"]
[EventCountry "NET"]
[SourceTitle "EXT 2023"]
[Source "ChessBase"]
[SourceDate "2022.10.05"]
[SourceVersion "1"]
[SourceVersionDate "2022.10.05"]
[SourceQuality "1"]

1. d4 Nf6 2. c4 e6 3. Nc3 Bb4 4. Bg5 c5 5. dxc5 h6 6. Bxf6 Qxf6 7. Qc2 Bxc3+ 8. Qxc3 Qxc3+ 9. bxc3 Na6 10. Nf3 Nxc5 11. e3 b6 12. 0-0-0 Bb7 13. Bd3 Ke7 14. Bc2 Ba6 15. Nd2 Rac8 16. f3 Rhd8 17. e4 Nb7 18. Bb3 Na5 19. Kc2 Nxc4 20. Nxc4 Bxc4 21. Rhe1 a5 22. Bxc4 Rxc4 23. Rb1 Rdc8 24. Re3 R8c6 25. Rb5 R4c5 26. Rb2 b5 27. a3 f6 28. f4 g5 29. g3 e5 30. f5 Rb6 31. Kd2 d6 32. g4 Rc4 33. Kd3 Ra4 34. Rh3 Rxa3 35. Rxh6 b4 36. Rh7+ Kd8 37. Rh8+ Kd7 38. Rc2 Rc6 39. Rh7+ Ke8 40. Ra7 Raxc3+ 41. Rxc3 Rxc3+ 42. Kd2 Ra3 43. Kc2 a4 44. Kb2 Kd8 45. Rb7 Rb3+ 46. Ka2 Kc8 47. Rb5 Kc7 48. Ra5 Ra3+ 49. Kb2 Kb6 50. Ra8 Kc5 51. Rc8+ Kd4 52. Rb8 Rb3+ 53. Ka2 Kxe4 54. Ra8 Ra3+ 55. Kb2 d5 56. Rb8 Rb3+ 57. Ka2 d4 58. h4 gxh4 59. g5 Kxf5 60. gxf6 Kxf6 61. Rh8 h3 62. Rh6+ Kf5 63. Rh5+ Ke4 64. Rh4+ Kd5 65. Rh5 Rc3 66. Kb2 a3+ 67. Ka2 Kc4 68. Rxe5 h2 69. Re1 Rc2+ 70. Kb1 b3 71. Rh1 a2+ 72. Ka1 Kb4 73. Rd1 Ka3 74. Rb1 Rc1 0-1

[Event "GBR-ch U12 106th"]
[Site "Torquay"]
[Date "2019.08.01"]
[Round "5"]
[White "Barnett Harris, Lucas"]
[Black "Whelan, Joseph"]
[Result "1-0"]
[WhiteElo "1295"]
[BlackElo "1045"]
[PlyCount "122"]
[EventDate "2019.07.28"]
[EventType "swiss"]
[EventRounds "7"]
[EventCountry "ENG"]
[SourceTitle "EXT 2020"]
[Source "ChessBase"]
[SourceDate "2019.10.17"]
[SourceVersion "1"]
[SourceVersionDate "2019.10.17"]
[SourceQuality "1"]

1. d4 c6 2. c4 d5 3. e3 Nf6 4. Nc3 e6 5. Nf3 Bb4 6. Bd2 0-0 7. a3 Bxc3 8. Bxc3 Nbd7 9. Be2 dxc4 10. Bxc4 b5 11. Bd3 Bb7 12. Qc2 h6 13. Rd1 Qc7 14. h3 a6 15. 0-0 c5 16. dxc5 Bxf3 17. gxf3 Qxc5 18. Be4 Qg5+ 19. Kh2 Nxe4 20. Qxe4 Nf6 21. Bxf6 Qxf6 22. Qd4 Qxd4 23. Rxd4 Kh7 24. Rfd1 Rfc8 25. Kg3 Rc2 26. Rd7 f6 27. R7d2 Rxd2 28. Rxd2 e5 29. f4 exf4+ 30. Kxf4 g5+ 31. Kg4 Kg6 32. Rd6 h5+ 33. Kg3 a5 34. Rb6 b4 35. axb4 axb4 36. Rxb4 h4+ 37. Kg4 f5+ 38. Kf3 Rh8 39. Rb6+ Kh5 40. Kg2 g4 41. Rb5 gxh3+ 42. Kxh3 Kg6 43. Rb4 Kg5 44. Rb5 Rh7 45. e4 Rd7 46. Rxf5+ Kg6 47. Kxh4 Rd4 48. Rf4 Rb4 49. Rg4+ Kf6 50. e5+ Kxe5 51. Rxb4 Kf5 52. Rb3 Kf4 53. Re3 Kf5 54. b4 Kf4 55. b5 Kf5 56. b6 Kf4 57. b7 Kf5 58. b8Q Kg6 59. Qf4 Kh7 60. Qc7+ Kg6 61. Re6+ Kf5 1-0